| 000 | 00999nam a2200337 a 4500 | ||
|---|---|---|---|
| 003 | AR-BaBNM | ||
| 005 | 20251128203316.0 | ||
| 008 | 082120s2002 ||||||||||||||000 | spa|| | ||
| 020 | _a84-7100-484-4 | ||
| 040 | _cAR-BaBNM | ||
| 245 | 0 | 0 |
_aEl teatro descubre América _bfiestas y teatro en la Casa de Austria [1492-1700] |
| 250 | _a1ª ed. | ||
| 260 |
_aMadrid _bMapfre _c1992 |
||
| 300 |
_a365 p. _bláms. |
||
| 490 | 0 |
_aRelaciones entre España y América _vv. 19 |
|
| 504 | _aBibliografía para consultar p. 339-355 | ||
| 650 | 4 | _aHISTORIA CULTURAL | |
| 650 | 4 | _aMISIONES RELIGIOSAS | |
| 650 | 4 | _aHISTORIA DE LAS IDEAS | |
| 650 | 4 | _aTEATRO | |
| 651 | 4 | _aEspaña | |
| 651 | 4 | _aAmérica Latina | |
| 700 | 1 | _aSommer Mathis, Andrea | |
| 700 | 1 | _aChaves Montoya, Teresa | |
| 700 | 1 | _aLaferl, Christopher F. | |
| 700 | 1 | _aPolleross, Friedrich | |
| 700 | 1 |
_aReyes Sicilia, Társila _etraductor |
|
| 800 | 1 |
_aGallego,José Andrés _ecoordinador |
|
| 942 | _cBK | ||
| 998 | _cmariana | ||
| 999 |
_c2819 _d2819 |
||